First Word Action Movies Quiz Stats

 Plays Quiz Updated Jul 27, 2017

Support Sporcle.
Go Orange.
Score 0/30 Timer 04:00
5 Plays Today
First Word % Correct
Mission
97.5%
Saving
97.4%
Mad
97.3%
Kill
97.3%
V
96.4%
Once
95.9%
Total
95.1%
Die
94.2%
Raiders
94.1%
Lethal
91.4%
Terminator
89.4%
Crouching
89.1%
Dirty
87.2%
Charlie's
85.9%
Clash
85.4%
First Word % Correct
Captain
84.7%
Quantum
83.3%
Batman
82.9%
Minority
82.4%
Suicide
77.3%
Point
76.9%
X-Men
71.1%
Kong
71.1%
Enter
69.2%
Wonder
64%
Escape
62.7%
Edge
62.3%
Kingsman
59.6%
Transformers
52.6%
Logan's
38.7%

You're not logged in!

Compare scores with friends on all Sporcle quizzes.
OR
Log In
Forgot?

From the Vault

Overlapping Option Trivia VII

by purple_prole

The options, the options! There are so many good ones to choose from.
Remove Ads.
Support Sporcle.
Get the best of Sporcle when you Go Orange. This ad-free experience offers more features, more stats, and more fun while also helping to support Sporcle. Thank you for becoming a member.

Show Comments

Extras

Top Quizzes Today


Score Distribution

Your Account Isn't Verified!

In order to create a playlist on Sporcle, you need to verify the email address you used during registration. Go to your Sporcle Settings to finish the process.

Report this User

Report this user for behavior that violates our Community Guidelines.

Details: